[Event "New York qual"]
[Site "New York"]
[Date "2023.07.06"]
[Round "1"]
[White "Paragua, Megan Althea"]
[Black "Rosenberg, Evan"]
[Result "1/2-1/2"]
[WhiteElo "1904"]
[BlackElo "1973"]
[PlyCount "63"]
[EventDate "2023.07.06"]
[EventType "tourn"]
[EventRounds "9"]
[EventCountry "USA"]
[SourceTitle "EXT 2024"]
[Source "ChessBase"]
[SourceDate "2023.10.10"]
[SourceVersion "1"]
[SourceVersionDate "2023.10.10"]
[SourceQuality "1"]

1. e4 c5 2. Nf3 g6 3. c3 d5 4. exd5 Qxd5 5. d4 Bg7 6. Na3 cxd4 7. Bc4 Qe4+ 8. Be3 Nh6 9. cxd4 0-0 10. 0-0 Nf5 11. Re1 Nxe3 12. Rxe3 Qf4 13. Ne5 Nc6 14. Nxc6 bxc6 15. Nc2 Bf6 16. Qe2 Bg4 17. Qe1 c5 18. Re4 Qg5 19. Ne3 Bd7 20. f4 Qh5 21. Be2 Qh6 22. dxc5 Bc6 23. Ng4 Qg7 24. Nxf6+ Qxf6 25. Rb4 a5 26. Rb6 Rfc8 27. Bb5 Rab8 28. Rxc6 Rxc6 29. Bxc6 Qxc6 30. Qc3 Rb5 31. Rd1 f6 32. g3 1/2-1/2

[Event "World op 51st"]
[Site "Philadelphia"]
[Date "2023.07.02"]
[Round "4"]
[White "Padhye, Rohan"]
[Black "Paragua, Megan Althea"]
[Result "1-0"]
[WhiteElo "2110"]
[BlackElo "1900"]
[PlyCount "75"]
[EventDate "2023.06.30"]
[EventType "swiss"]
[EventRounds "9"]
[EventCountry "USA"]
[SourceTitle "CBM 215 Extra"]
[Source "ChessBase"]
[SourceDate "2023.09.30"]
[SourceVersion "1"]
[SourceVersionDate "2023.09.30"]
[SourceQuality "1"]

1. e4 c5 2. c3 Nf6 3. e5 Nd5 4. Nf3 d6 5. Bb5+ Nc6 6. d4 e6 7. c4 Nc7 8. Bxc6+ bxc6 9. dxc5 dxc5 10. Qxd8+ Kxd8 11. Nc3 Be7 12. Be3 Na6 13. 0-0-0+ Kc7 14. Na4 Bb7 15. Ng5 Bxg5 16. Bxg5 Rhe8 17. f4 Bc8 18. Rd2 Rb8 19. Rhd1 Rb7 20. b3 Kb8 21. Bh4 h6 22. Bf2 f6 23. Bxc5 Nxc5 24. Nxc5 Rbe7 25. exf6 gxf6 26. Ne4 Rf8 27. Rd8 Ref7 28. R1d7 Rxd7 29. Rxf8 f5 30. Nc5 Rg7 31. g3 Kc7 32. Rh8 Rg6 33. Nd3 Rf6 34. Ne5 a5 35. Kb2 c5 36. Ka3 Bb7 37. Ka4 Be4 38. Kxa5 1-0

[Event "World op 51st"]
[Site "Philadelphia"]
[Date "2023.07.01"]
[Round "3"]
[White "Paragua, Megan Althea"]
[Black "Moor, Nathaniel Philip"]
[Result "1-0"]
[WhiteElo "1900"]
[BlackElo "2180"]
[PlyCount "115"]
[EventDate "2023.06.30"]
[EventType "swiss"]
[EventRounds "9"]
[EventCountry "USA"]
[SourceTitle "CBM 215 Extra"]
[Source "ChessBase"]
[SourceDate "2023.09.30"]
[SourceVersion "1"]
[SourceVersionDate "2023.09.30"]
[SourceQuality "1"]

1. e4 c5 2. Nf3 d6 3. d4 cxd4 4. Qxd4 Nc6 5. Bb5 Bd7 6. Bxc6 Bxc6 7. Nc3 Nf6 8. Bg5 e6 9. 0-0-0 Be7 10. h4 Qa5 11. Qe3 h6 12. Bxf6 Bxf6 13. Nd4 Rc8 14. Kb1 b5 15. g4 b4 16. Nce2 Ba4 17. f4 Qc5 18. Qd2 g6 19. f5 Ke7 20. Rdf1 Qe5 21. b3 Bb5 22. g5 hxg5 23. hxg5 Rxh1 24. gxf6+ Kxf6 25. Rxh1 Qxe4 26. Rg1 Bxe2 27. Nxe2 exf5 28. Nd4 Kg7 29. Re1 Qd5 30. Qxb4 f4 31. Qd2 g5 32. c4 Qc5 33. Qd3 Kf6 34. Nc2 d5 35. cxd5 Rd8 36. Rd1 Rd6 37. b4 Qf2 38. Qc3+ Kg6 39. Qe5 Qb6 40. Qe4+ Kg7 41. Qf5 Qd8 42. Rh1 Qf6 43. Qe4 Qg6 44. Qe8 Kf6 45. Qf8 Kf5 46. Qc8+ Kf6 47. Qc3+ Kf5 48. Re1 Rd7 49. Qe5+ Kg4 50. Qe2+ f3 51. Rg1+ Kf4 52. Qe3+ Kf5 53. Qxf3+ Ke5 54. Qe3+ Kf6 55. Qc3+ Ke7 56. Qe5+ Kf8 57. Rxg5 Qh7 58. Rh5 1-0

[Event "Philadelphia op 16th"]
[Site "Philadelphia"]
[Date "2023.06.27"]
[Round "8"]
[White "Paragua, Megan Althea"]
[Black "Yanayt, Eugene"]
[Result "1-0"]
[WhiteElo "1900"]
[BlackElo "2060"]
[PlyCount "93"]
[EventDate "2023.06.24"]
[EventType "swiss"]
[EventRounds "9"]
[EventCountry "USA"]
[SourceTitle "CBM 215 Extra"]
[Source "ChessBase"]
[SourceDate "2023.09.30"]
[SourceVersion "1"]
[SourceVersionDate "2023.09.30"]
[SourceQuality "1"]

1. e4 c5 2. Nf3 g6 3. c3 d5 4. exd5 Qxd5 5. d4 Bg7 6. Na3 Nh6 7. Be2 0-0 8. 0-0 Nf5 9. Bc4 Qd8 10. dxc5 Qc7 11. b4 Bd7 12. Bb2 a5 13. Qe2 Na6 14. Bxa6 Rxa6 15. Rad1 Be6 16. Bc1 Qc8 17. b5 Ra8 18. Be3 Bxc3 19. Rc1 Nxe3 20. Qxe3 Bf6 21. Nc4 Qc7 22. Ng5 Bf5 23. Nf3 Rad8 24. b6 Qc8 25. Nxa5 Rd3 26. Qf4 Ra3 27. Qb4 Rxa2 28. c6 Rb2 29. Qa4 Qe8 30. Nc4 Re2 31. Qd1 Re4 32. cxb7 Qb5 33. Nfd2 Rd4 34. Qb3 Qd7 35. Nf3 Rd3 36. Qb4 Rd5 37. h3 Qxb7 38. Na5 Qa6 39. Rc5 Be4 40. Rfc1 Bxf3 41. gxf3 Rd6 42. b7 Rb6 43. Rc6 Rxb4 44. Rxa6 Kg7 45. Ra8 Rxb7 46. Rxf8 Ra7 47. Nc6 1-0

[Event "Alicante Easter op 7th"]
[Site "La Nucia"]
[Date "2023.04.05"]
[Round "1"]
[White "Brunello, Sabino"]
[Black "Paragua, Megan Althea"]
[Result "1-0"]
[WhiteElo "2510"]
[BlackElo "1900"]
[PlyCount "95"]
[EventDate "2023.04.05"]
[EventType "swiss"]
[EventRounds "9"]
[EventCountry "ESP"]
[SourceTitle "CBM 213 Extra"]
[Source "ChessBase"]
[SourceDate "2023.05.31"]
[SourceVersion "1"]
[SourceVersionDate "2023.05.31"]
[SourceQuality "1"]

1. c4 Nf6 2. g3 e6 3. Nf3 d5 4. Bg2 Be7 5. 0-0 0-0 6. b3 b6 7. Bb2 Bb7 8. e3 Nbd7 9. Nc3 c5 10. Qe2 a6 11. Rfd1 Rc8 12. cxd5 exd5 13. d4 Qc7 14. dxc5 bxc5 15. Nh4 Rfe8 16. Bxd5 Nxd5 17. Nxd5 Bxd5 18. Rxd5 Bxh4 19. gxh4 Re4 20. Qf3 Rxh4 21. Qg3 Qxg3+ 22. hxg3 Nb6 23. Rg5 Rh6 24. Rxg7+ Kf8 25. Rd1 Ke7 26. Kg2 Rcc6 27. Rg5 Nd7 28. Rc1 Rhg6 29. Rh5 h6 30. Ba3 Rg5 31. Rh4 a5 32. Ra4 Ra6 33. Rac4 Rc6 34. e4 Re5 35. Ra4 Rd6 36. Rxa5 Rc6 37. Rc4 f5 38. exf5 Rxf5 39. Ra7 Ke6 40. b4 Ne5 41. Rxc5 Rxc5 42. bxc5 Nd3 43. f4 Nxc5 44. Bxc5 Rxc5 45. Ra6+ Kf5 46. Rxh6 Rc2+ 47. Kh3 Rxa2 48. Rh5+ 1-0

[Event "FIDE Youth Super Final U10 g"]
[Site "Tornelo INT"]
[Date "2021.12.20"]
[Round "5"]
[White "Paragua, Megan Althea"]
[Black "Le, Thai Hoang Anh"]
[Result "0-1"]
[WhiteElo "1861"]
[BlackElo "1204"]
[PlyCount "80"]
[EventDate "2021.12.18"]
[EventType "tourn (rapid)"]
[EventRounds "10"]
[EventCountry "NET"]
[SourceTitle "EXT 2023"]
[Source "ChessBase"]
[SourceDate "2022.10.05"]
[SourceVersion "1"]
[SourceVersionDate "2022.10.05"]
[SourceQuality "1"]

1. d4 d5 2. Nf3 Nf6 3. b3 e6 4. Bb2 Be7 5. e3 0-0 6. Be2 Nbd7 7. 0-0 c6 8. Nbd2 Re8 9. c4 Nf8 10. Ne5 Bd6 11. f4 N6d7 12. c5 Bc7 13. b4 f6 14. Nd3 Qe7 15. a4 e5 16. fxe5 fxe5 17. b5 Qg5 18. dxe5 Qxe3+ 19. Kh1 Nxe5 20. Nxe5 Bxe5 21. Bh5 Bxb2 22. Bf7+ Kh8 23. Bxe8 Qxe8 24. Qf3 Bf6 25. Rae1 Qg6 26. Nb3 h6 27. Na5 Bg4 28. Qg3 cxb5 29. axb5 b6 30. Nc6 bxc5 31. Qa3 Nd7 32. h3 Bf5 33. Ne7 Bxe7 34. Rxe7 Be4 35. Rf2 Nb6 36. Qxc5 Qg3 37. Rc7 Re8 38. Qc3 Bxg2+ 39. Kg1 Bf3+ 40. Kf1 Qxh3+ 0-1

[Event "FIDE Youth Super Final U10 g"]
[Site "Tornelo INT"]
[Date "2021.12.19"]
[Round "4"]
[White "Paragua, Megan Althea"]
[Black "Kolagatla, Alana Meenakshi"]
[Result "1-0"]
[WhiteElo "1861"]
[BlackElo "1829"]
[PlyCount "71"]
[EventDate "2021.12.18"]
[EventType "tourn (rapid)"]
[EventRounds "10"]
[EventCountry "NET"]
[SourceTitle "EXT 2023"]
[Source "ChessBase"]
[SourceDate "2022.10.05"]
[SourceVersion "1"]
[SourceVersionDate "2022.10.05"]
[SourceQuality "1"]

1. Nf3 Nf6 2. d4 e6 3. e3 d5 4. Be2 c5 5. 0-0 Be7 6. b3 Nc6 7. Bb2 cxd4 8. exd4 0-0 9. Nbd2 Qc7 10. c4 Re8 11. Rc1 Bd6 12. c5 Bf8 13. a3 b6 14. b4 bxc5 15. dxc5 Be7 16. b5 Na5 17. Be5 Qd8 18. a4 Nd7 19. Bd4 f6 20. Nb3 Nxb3 21. Qxb3 Kh8 22. c6 Nb6 23. Rfd1 e5 24. Bc5 Be6 25. a5 Bxc5 26. Rxc5 Nc8 27. Qb4 Re7 28. Bc4 d4 29. c7 Qd7 30. Rc6 Bxc4 31. Qxc4 Nd6 32. Rxd6 Qxd6 33. c8Q+ Rxc8 34. Qxc8+ Qd8 35. Qxd8+ Re8 36. Qxe8# 1-0

[Event "FIDE Youth Super Final U10 g"]
[Site "Tornelo INT"]
[Date "2021.12.18"]
[Round "2"]
[White "Preobrazhenskaya, Diana"]
[Black "Paragua, Megan Althea"]
[Result "1-0"]
[WhiteElo "1789"]
[BlackElo "1861"]
[PlyCount "71"]
[EventDate "2021.12.18"]
[EventType "tourn (rapid)"]
[EventRounds "10"]
[EventCountry "NET"]
[SourceTitle "EXT 2023"]
[Source "ChessBase"]
[SourceDate "2022.10.05"]
[SourceVersion "1"]
[SourceVersionDate "2022.10.05"]
[SourceQuality "1"]

1. e4 c5 2. Nf3 d6 3. d4 cxd4 4. Nxd4 Nf6 5. Nc3 a6 6. Be2 e6 7. 0-0 Be7 8. Nb3 0-0 9. f4 Nc6 10. Be3 b5 11. Bf3 Bb7 12. Qe2 Qc7 13. Rad1 Rad8 14. Qf2 Qb8 15. Kh1 Rfe8 16. Bb6 Rd7 17. Qg3 Bd8 18. Be3 Ne7 19. Bd4 Nc6 20. Bxf6 Bxf6 21. e5 Be7 22. Nc5 Rdd8 23. Nxb7 Qxb7 24. f5 dxe5 25. fxe6 f6 26. Nd5 Qc8 27. Qh3 Nd4 28. Be4 g6 29. c3 Nc6 30. Rxf6 Rxd5 31. Bxd5 Bxf6 32. Qf3 Kg7 33. Bxc6 Re7 34. Bd7 Qc7 35. Rf1 Bg5 36. Qf8# 1-0